| 000 | 01475cam a22003734a 4500 | ||
|---|---|---|---|
| 999 |
_c523617 _d523617 |
||
| 001 | 15065794 | ||
| 003 | NUST | ||
| 005 | 20190516072808.0 | ||
| 008 | 071012s2007 ii 000 0 eng | ||
| 010 | _a 2007375140 | ||
| 020 | _a8189899538 | ||
| 025 | _aI-E-2007-375140; 61-91 | ||
| 035 | _a(IN-NdUBS)UBS07002759 | ||
| 037 |
_bLibrary of Congress -- New Delhi Overseas Office _cRs695.00 |
||
| 038 | _awaseem | ||
| 040 |
_aDLC _cDLC |
||
| 042 | _alcode | ||
| 043 |
_aa-ii--- _aa-pk--- |
||
| 050 | 0 | 0 |
_aKNS40.P64 _bB32 2007 |
| 082 |
_a954.500882946 _bBAB |
||
| 245 | 0 | 4 |
_aThe Babbar Akali case judgement : _bfrom liberation of gurdwaras to national liberation / _cedited by Malwinderjit Singh Waraich, Gurdev Singh Sidhu. |
| 260 |
_aChandigarh : _bUnistar Books, _c2007. |
||
| 300 |
_axii, 432 p. ; _c23 cm. |
||
| 650 | 0 |
_aTrials (Political crimes and offenses) _zIndia _zPunjab _xHistory _y20th century. _914348 |
|
| 650 | 0 |
_aTrials (Political crimes and offenses) _zPakistan _zLahore _xHistory _y20th century. _914349 |
|
| 650 | 0 |
_aBabar Akalis _xTrials, litigation, etc. _914350 |
|
| 650 | 0 |
_aSikhs _xLegal status, laws, etc. _zIndia _xHistory _y20th century. _914351 |
|
| 651 | 0 |
_aPunjab (India) _xPolitics and government _y20th century. _95424 |
|
| 700 | 1 |
_aWaraich, Malwinder Jit Singh. _914352 |
|
| 700 | 1 |
_aSiddhū, Guradewa Siṅgha, _d1941- _914353 |
|
| 906 |
_a7 _bcbc _corigode _d2 _encip _f20 _gy-gencatlg |
||
| 942 |
_2ddc _cBK |
||